The Oxford 3000 - Letter P - Translate from Polish to English - Statystyki

Ogólne statystyki
  • Ten quiz został rozwiązany 26 razy
  • Średni wynik to 88 z 237
Statystyki odpowiedzi
Polish Angielski % Poprawnych
park; parkować park
100%
parking; parkowanie parking
100%
impreza; przyjęcie; partia party
100%
pasja; zamiłowanie passion
100%
cierpliwy; pacjent patient
100%
długopis; pióro pen
100%
świnia pig
100%
pilot pilot
100%
plastik; plastikowy plastic
100%
platforma platform
100%
plus; dodatni; dodatkowo plus
100%
płacić; płaca; wynagrodzenie pay
92%
perspektywa perspective
92%
plan; planować plan
92%
roślina; sadzić plant
92%
malarstwo; malowanie; obraz painting
83%
spodnie pants
83%
rodzic parent
83%
część part
83%
pasażer passenger
83%
paszport passport
83%
ludzie; osoby people
83%
osobowość personality
83%
proszę; podobać się please
83%
bolesny painful
75%
patelnia pan
75%
ołówek pencil
75%
pieprz; papryka pepper
75%
doskonały; perfekcyjny perfect
75%
doskonale; perfekcyjnie perfectly
75%
osoba person
75%
osobisty personal
75%
fizyka physics
75%
pianino piano
75%
różowy; róż pink
75%
samolot; płaszczyzna plane
75%
grać; bawić się; gra; zabawa play
75%
kieszeń pocket
75%
poeta poet
75%
basen; pula pool
75%
pałac palace
67%
papier paper
67%
osobiście; personalnie personally
67%
filozofia philosophy
67%
fotografia; fotografowanie photography
67%
planeta planet
67%
planowanie planning
67%
gracz; zawodnik player
67%
trucizna; trutka; truć; otruć; zatruć poison
67%
polityczny political
67%
paczka; opakowanie; pakować; zapakować pack
58%
farba; malować paint
58%
malarz/malarka painter
58%
para pair
58%
panel; płyta panel
58%
akapit; paragraf paragraph
58%
partner; wspólnik partner
58%
telefon; dzwonić phone
58%
zdjęcie photo
58%
fotografia; fotografować photograph
58%
fizyczny physical
58%
obraz; zdjęcie; obrazek; obrazować picture
58%
policja police
58%
biedny; ubogi poor
58%
port port
58%
pozytywny; pozytyw positive
58%
paczka; pakunek; przesyłka; pakować profesjonalnie; przygotować do dystrybucji package
50%
ból pain
50%
przeszłość; przeszły; obok, minąć; po (godzinie); past
50%
pokój; spokój peace
50%
rura pipe
50%
przyjemność pleasure
50%
trujący poisonous
50%
policjant policeman
50%
zanieczyszczenie; skażenie pollution
50%
moc; zasilanie; potęga; zasilać power
50%
woleć; preferować prefer
50%
przygotowywać prepare
50%
prezentacja presentation
50%
cena price
50%
drukarka printer
50%
strona; kartka page
42%
blady pale
42%
mijać; podać; zdać; upływać; rezygnować; przepustka/karnet; przełęcz; podanie (sport); próba; zaliczenie pass
42%
płatność; zapłata payment
42%
wykonywać; występować; działać perform
42%
okres period
42%
permanentny; stały permanent
42%
zwierzak domowy; głaskać pet
42%
faza phase
42%
szpilka; kołek; trzpień; przypiąć; spiąć pin
42%
talerz; płyta; płytka; tabliczka; tablica; blacha. blat plate
42%
wiersz poem
42%
grzeczny; uprzejmy; dobrze wychowany polite
42%
możliwość possibility
42%
potencjał; potencjalny potential
42%
w ciąży pregnant
42%
drukowanie printing
42%
produkt; wyrób product
42%
profesor professor
42%
program; programować program
42%
dumny proud
42%
częściowo partly
33%
spokojny; pokojowy peaceful
33%
na/za(w odniesieniu do jednostki); według/zgodnie z(bardziej formalnie); na (w matematyce - podział, proporcja) per
33%
procent(konkretna liczba) percent
33%
występ; wykonanie; wyniki; osiągi performance
33%
być może perhaps
33%
fotograf photographer
33%
fraza; wyrażenie phrase
33%
przyjemny; miły pleasant
33%
działka; fabuła; wątek; spisek; spiskować; zaplanować fabułę plot
33%
poezja poetry
33%
punkt; cel; wskazywać point
33%
polityk politician
33%
muzyka pop; popowy pop
33%
popularny popular
33%
populacja; ludność population
33%
pozować; stwarzać/stanowić (problem, zagrożenie, pytanie) pose
33%
pozycja; stanowisko; położenie; pozycjonować position
33%
ziemniak potato
33%
ubóstwo; bieda; nędza poverty
33%
proszek; puder powder
33%
przygotowany prepared
33%
problem problem
33%
proces; przetwarzać; obrabiać process
33%
psycholog psychologist
33%
tempo; krok; chodzić nerwowo; nadawać tempo; regulować tempo pace
25%
uczestnik/uczestniczka participant
25%
uczestniczyć; brać udział participate
25%
ścieżka; dróżka path
25%
wzór; wzorzec pattern
25%
grosz penny
25%
boisko; mowa przekonująca; poziom; stopień pitch
25%
miejsce; umieszczać place
25%
zadowolony pleased
25%
mnóstwo; dużo; bardzo; całkiem plenty
25%
polityka; polisa policy
25%
popularność popularity
25%
możliwy possible
25%
garnek pot
25%
funt pound
25%
praktyczny practical
25%
modlić się pray
25%
przygotowanie; preparat preparation
25%
naciskać; wciskać; wywierać presję; prasa; nacisk; wciśnięcie press
25%
książę prince
25%
procedura procedure
25%
udowodnić; okazać prove
25%
publiczny; publiczność public
25%
karać; ukarać punish
25%
kara; karanie; ukaranie punishment
25%
konkretny; szczególny particular
17%
przejście; przejazd passage
17%
procent(część czegoś, ale bez podania konkretnej liczby); odsetek percentage
17%
pozwolenie; zezwolenie; zgoda(ogólne) permission
17%
pozwolenie; zezwolenie; zgoda(oficjalne); umożliwić; zezwolić permit
17%
namówić; przekonać persuade
17%
zjawisko; fenomen phenomenon
17%
wybrać; brać; kilof pick
17%
kawałek; utwór; odłamek; klamka/spluwa piece
17%
pal; stos; sterta; układać w stos pile
17%
zwykły; prosty; oczywisty; równina plain
17%
polityka politics
17%
portret portrait
17%
zapewne; możliwie possibly
17%
plakat poster
17%
potężny; mocny powerful
17%
praktyka; praktykować practice
17%
ciśnienie pressure
17%
zapobiegać prevent
17%
poprzedni; wcześniejszy previous
17%
ksiądz; kapłan priest
17%
księżniczka princess
17%
więzienie prison
17%
prywatność privacy
17%
prawdopodobnie; pewnie probably
17%
produkcja; wytwarzanie production
17%
zysk profit
17%
obietnica; obiecywać promise
17%
promować promote
17%
protest; protestować protest
17%
ciągnąć; pociągnąć; ciągnięcie pull
17%
konkretnie; szczególnie particularly
8%
spiczasty; zatemperowany; ostro zakończony pointed
8%
posiadać; mieć possess
8%
posiadanie; własność possession
8%
posterunek; słup; słupek; post; opublikować post
8%
wlewać; nalać; lać pour
8%
pochwała; chwalić; wychwalać praise
8%
modlitwa prayer
8%
prognoza; przewidywanie; przepowiednia prediction
8%
obecność presence
8%
obecny; teraźniejszy prezent; teraźniejszość; prezentować; przedstawiać present
8%
prezydent; prezes president
8%
ładny; dość; całkiem; dosyć pretty
8%
dyrektor szkoły; główna osoba; najważniejsza strona; główny; najważniejszy principal
8%
drukować; druk; wydruk print
8%
więzień prisoner
8%
prywatny private
8%
wytwarzać; produkować; okazać produce
8%
zawód; profesja profession
8%
profesjonalny; zawodowy; fachowy; profesjonalista; fachowiec; zawodowiec professional
8%
profil profile
8%
wymawiać; wymówić pronounce
8%
prospekt prospect
8%
ochrona; zabezpieczenie protection
8%
zakup; zakupić; nabyć purchase
8%
czysty; bezgrzeszny; doskonały pure
8%
pchać; naciskać; pchnięcie push
8%
przewidywać; przepowiadać predict
0%
chronić; zachować; zabezpieczyć; konserwować preserve
0%
udawać; stwarzać pozory pretend
0%
poprzednio; wcześniej previously
0%
główny; podstawowy; pierwszy w kolejności primary
0%
najlepszy; najwyższej jakości; znakomity prime
0%
zasada; reguła; wartość; prawo principle
0%
priorytet; pierwszeństwo priority
0%
nagroda prize
0%
producent; wytwórca producer
0%
postęp; robić postępy; postępować progress
0%
projekt; rzutować; wyświetlać project
0%
dowód proof
0%
właściwy; odpowiedni proper
0%
właściwie; poprawnie; odpowiednio properly
0%
nieruchomość; własność; posiadłość property
0%
propozycja; wniosek proposal
0%
proponować; oświadczać się propose
0%
chronić; obronić protect
0%
zapewniać; dostarczać provide
0%
psychologia psychology
0%
publikacja; wydanie publication
0%
publikować publish
0%
fioletowy; fiolet purple
0%
cel; przeznaczenie purpose
0%
realizować; ścigać; gonić pursue
0%
umieścić; położyć; postawić put
0%
Nie znaleziono quizów pasujących do podanych kryteriów
Rozkład punktacji
Procent ludzi z każdym wynikiem
Percentyl według liczby udzielonych odpowiedzi
Twoja historia wyników
Nie rozwiązałeś tego quizu